Mluvnice jazyka polského

Na minha lista:
Detalhes bibliográficos
Formato: Livro
Idioma:tcheco
polonês
Publicado em: Praha Vesmír 1946
Tags: Adicionar Tag
Sem tags, seja o primeiro a adicionar uma tag!

MARC

LEADER 00000nam a2200000 4500
001 0268917
005 20240822101713.3
041 0 |a cze 
041 0 |a pol 
044 |a -CS 
245 1 0 |a Mluvnice jazyka polského  |c Tadeusz Lehr-Spawinski 
264 1 |a Praha  |b Vesmír  |c 1946